00342 2200133 4500001002100000005001500021035002000036245006200056100003600118300001200154260002000166082001000186990001200196INLIS00000000000227520250527030408 a0010-05250005671 aMatematika SMU Kelas 2 /cB.K. Noormandiri, Endar Sucipto0 aB.K. Noormandiri, Endar Sucipto a193 hlm bErlangga,c2000 a025.5 a0712727